College Football Matchups: Baylor - Statistics

General Stats
  • This quiz has been taken 115 times
    18 since last reset
  • The average score is 14 of 16
Answer Stats
Games Opponent Subdivision % Correct
31 Houston Power 4
100%
23 Kansas Power 4
100%
22 Kansas State Power 4
100%
33 Oklahoma Power 4
100%
44 Oklahoma State Power 4
100%
113 Texas Power 4
100%
83 Texas Tech Power 4
100%
121 TCU Power 4
94%
108 Texas A&M Power 4
88%
23 Iowa State Power 4
82%
70 Arkansas Power 4
76%
17 Colorado Power 4
76%
14 Missouri Power 4
76%
83 SMU Power 4
76%
82 Rice Group of 5
71%
13 West Virginia Power 4
59%
No matching quizzes found
Score Distribution
Percent of People with Each Score
Percentile by Number Answered
Your Score History
You have not taken this quiz since the last reset